Spievajúci máj : sborník poézie k 15. výročiu oslobodenia /

Další autoři: Ferko, Milan, 1929-2010, Štrba, Gabriel, 1932-
Jazyk: Slovenština
Vydáno: Bratislava : Mladé letá, 1960
Vydání: 1. vydání
Fyzický popis: 136 stran : ilustrace
Knihy
Uloženo v:
LEADER 00869nam a22002412i 4500
001 001481827
003 CZ BrMZK
005 20150730130723.0
007 ta
008 150730s1960 xo a er|||||||||||slo d
040 |a ABA001  |b cze  |c ABA001  |d ABA001  |d BOA001  |e rda 
245 0 0 |a Spievajúci máj :  |b sborník poézie k 15. výročiu oslobodenia /  |c zostavil Milan Ferko ; ilustroval Gabriel Štrba 
250 |a 1. vydání 
264 1 |a Bratislava :  |b Mladé letá,  |c 1960 
300 |a 136 stran :  |b ilustrace 
336 |a text  |b txt  |2 rdacontent 
337 |a bez média  |b n  |2 rdamedia 
338 |a svazek  |b nc  |2 rdacarrier 
700 1 |a Ferko, Milan,  |d 1929-2010  |7 jn19981001053  |4 com 
700 1 |a Štrba, Gabriel,  |d 1932-  |7 xx0072172  |4 ill 
910 |a BOA001  |b 2-0438.619 
990 |a BK 
996 7 |b 2619095707  |c 2-0438.619  |l MZK  |r Sklad / do 24 hodin  |n 0  |w 001516952  |u 000010  |a 1  |e BOA001  |j MZK50  |s A